000 00545nam a2200157 i 4500
001 164950
003 ES-MaACL
005 20230906213034.0
008 050810s1877 fr | |||||||| ||fre d
040 _aCAM
_bspa
_cCAM
100 1 _aSchoebel, Charles.
_9132563
245 1 3 _aLa légende du juif-errant /
_cpar Charles Schoebel.
260 _aParis :
_bMaisonneuve et cie. libraires-éditeurs,
_c1877 (
_eOrléans :
_fImp. de G. Jacob)
300 _a82 p. ;
_c22 cm.
852 _aES-MaACL
_jT-264-F-2
_z-- Enc. hol.
_z-- Enc. en un vol. facticio
999 _c164950
_d164950